Reglamento de organización, funcionamiento y régimen jurídico de las corporaciones locales : 17 de mayo de 1952 / por Luis Marqués Carbó ; ideas (sobre los fines de la Administración) de: Luis Jordana de Pozas 17 de mayo de 1952 / por Luis Marqués Carbó ; ideas (sobre los fines de la Administración) de:
Descripción Física:
408 p. ; 22 cm
Otros Autores:
Jordana de Pozas, Luis
MARC
| LEADER | 00000nam a2200000Ia 4500 | ||
|---|---|---|---|
| 001 | 14176 | ||
| 008 | 160829s9999 xx 000 0 cat d | ||
| 080 | |a M-4-151 | ||
| 100 | |a Marqués Carbó, Luis |9 24231 | ||
| 245 | |a Reglamento de organización, funcionamiento y régimen jurídico de las corporaciones locales : |b 17 de mayo de 1952 / por Luis Marqués Carbó ; ideas (sobre los fines de la Administración) de: |b Luis Jordana de Pozas | ||
| 260 | |a Tarragona : |b Sugrañes, [1952] | ||
| 300 | |a 408 p. ; |c 22 cm | ||
| 590 | |a Índex | ||
| 650 | 0 | |a Administració local |x Dret i legislació |z Espanya |9 11255 | |
| 700 | |a Jordana de Pozas, Luis |9 24237 | ||
| 901 | |a Arxiu | ||
| 942 | |n 1 | ||
| 952 | |0 0 |1 0 |4 0 |6 M4151 |7 1 |9 43033 |a Arxiu |b Arxiu |d 2016-12-01 |l 0 |o M-4-151 |p 14176 |r 2016-12-01 00:00:00 |w 2016-12-01 |y ARXIU | ||
| 999 | |c 45576 |d 45576 | ||